Geography but it gets harder and harder - Statistics

General Stats
  • This quiz has been taken 139 times
  • The average score is 13 of 15
Answer Stats
Hint Answer % Correct
The Natural habitat for pandas(country) China
99%
The only country that borders South Korea North Korea
99%
the largest country in the world Russia
99%
The Country that is home to mount Fuji Japan
98%
The state that is the location of New York City New York
98%
The largest state in the continental U.S. Texas
95%
The Largest Island country in the world Australia
92%
The only non-European country that is completley surrounded by another country Lesotho
92%
The largest country that borders the mediterranian Algeria
87%
Country that has the capital city Montevideo Uruguay
87%
Country that is home to the Galápagos Islands Ecuador
86%
The least population dense country in the world Mongolia
82%
The country that is home to the city Nuuk Denmark
79%
The most square country on a map in the world Egypt
47%
the only country other than Spain that has pink on their national flag Mexico
24%
No matching quizzes found
Score Distribution
Percent of People with Each Score
Percentile by Number Answered
Your Score History
You have not taken this quiz